[Event "European Blitz 2016"]
[Site "Tallinn EST"]
[Date "2016.12.17"]
[Round "6.22"]
[White "Zakhartsov, Vladimir"]
[Black "Sharankov, Grigory"]
[Result "1/2-1/2"]
[WhiteTitle "IM"]
[WhiteElo "2453"]
[BlackElo "2176"]
[WhiteFideId "4145097"]
[BlackFideId "4168356"]
[EventDate "2016.12.17"]

1. e4 e6 2. d4 d5 3. Nd2 Nf6 4. Bd3 c5 5. e5 Nfd7 6. c3 Nc6 7. Ne2 cxd4 8. cxd4
f6 9. exf6 Qxf6 10. Nf3 h6 11. O-O Bd6 12. Ng3 O-O 13. Nh5 Qf7 14. Nh4 Ne7 15.
Qg4 e5 16. Bxh6 Nf6 17. Qg5 Nxh5 18. dxe5 Bxe5 19. Ng6 Nxg6 20. Bxg6 Qf4 21.
Qxh5 gxh6 22. Rae1 Bd6 23. Qxd5+ Kg7 24. g3 Qf6 25. Be4 Bh3 26. Bg2 Bxg2 27.
Kxg2 Rad8 28. Qxb7+ Rf7 29. Qe4 Bc5 30. Qg4+ Qg5 31. Qxg5+ hxg5 32. Re5 Be7 33.
Rfe1 Bf6 34. R5e2 a5 35. Rc1 Rb8 36. b3 a4 37. bxa4 Ra8 38. Rc4 Ra5 39. Ree4 Kg6
40. Rg4 Rd5 41. Rc2 Kh6 42. Rgc4 Ra5 43. Re2 Ra6 44. Rd2 Rfa7 45. Re2 Rxa4 46.
Rxa4 Rxa4 47. Rc2 Kg6 48. Kf3 g4+ 49. Kg2 Kf5 50. h3 gxh3+ 51. Kxh3 Bd4 52. Re2
Ra8 53. Kg2 Bf6 54. Kf3 Ra3+ 1/2-1/2

[Event "European Blitz 2016"]
[Site "Tallinn EST"]
[Date "2016.12.17"]
[Round "6.23"]
[White "Turov, Maxim"]
[Black "Maevsky, Nikolay"]
[Result "1-0"]
[WhiteTitle "GM"]
[BlackTitle "FM"]
[WhiteElo "2594"]
[BlackElo "2337"]
[WhiteFideId "4120086"]
[BlackFideId "4198220"]
[EventDate "2016.12.17"]

1. d4 d5 2. c4 Nc6 3. Nc3 dxc4 4. d5 Ne5 5. Qd4 Ng6 6. Qxc4 a6 7. Qb3 Nf6 8. Nf3
Rb8 9. Bg5 e5 10. dxe6 Bxe6 11. Qa4+ Qd7 12. Bxf6 Qxa4 13. Nxa4 gxf6 14. e3 Bb4+
15. Nc3 Rd8 16. Nd4 Ne7 17. a3 Bc5 18. Nxe6 fxe6 19. Ne4 Bb6 20. Nxf6+ Kf7 21.
Ne4 Nd5 22. Bc4 Rhg8 23. g3 Ke7 24. Ke2 Nf6 25. Nxf6 Kxf6 26. Rhd1 Ke7 27. h4 h6
28. Rxd8 Rxd8 29. g4 Kf6 30. f4 c5 31. g5+ hxg5 32. hxg5+ Ke7 33. Rh1 Kd6 34.
Rh6 Kc7 35. g6 Rg8 36. Bxe6 Re8 37. g7 1-0

[Event "European Blitz 2016"]
[Site "Tallinn EST"]
[Date "2016.12.17"]
[Round "6.24"]
[White "Lavendelis, Egons"]
[Black "Jankovic, Alojzije"]
[Result "0-1"]
[WhiteTitle "FM"]
[BlackTitle "GM"]
[WhiteElo "2271"]
[BlackElo "2591"]
[WhiteFideId "11601647"]
[BlackFideId "14505959"]
[EventDate "2016.12.17"]

1. e4 c5 2. Nf3 Nc6 3. Bb5 e6 4. c3 Nge7 5. O-O a6 6. Ba4 b5 7. Bc2 Bb7 8. Re1
Rc8 9. a4 b4 10. d4 Ng6 11. d5 Na5 12. Nbd2 Be7 13. c4 d6 14. dxe6 fxe6 15. b3
Bf6 16. Rb1 O-O 17. Nf1 Nc6 18. Be3 Bc3 19. Bg5 Qc7 20. Bd2 Bxd2 21. N1xd2 Qe7
22. Qe2 Rf7 23. Qe3 Rcf8 24. Rf1 Nf4 25. g3 Nd4 26. Bd1 Nxf3+ 27. Bxf3 Nh3+ 28.
Kg2 Ng5 29. Be2 e5 30. Bg4 g6 31. h4 Ne6 32. Bxe6 Qxe6 33. f3 Kg7 34. Rh1 h6 35.
Kf2 Qg4 36. Rbg1 Rxf3+ 37. Nxf3 Bxe4 38. Ke1 Rxf3 39. Qd2 Rd3 40. Qe2 Rf3 41.
Rh2 Bd3 42. Qd2 Qxg3+ 0-1

[Event "European Blitz 2016"]
[Site "Tallinn EST"]
[Date "2016.12.17"]
[Round "6.25"]
[White "Cramling, Pia"]
[Black "Grandelius, Nils"]
[Result "0-1"]
[WhiteTitle "GM"]
[BlackTitle "GM"]
[WhiteElo "2453"]
[BlackElo "2643"]
[WhiteFideId "1700030"]
[BlackFideId "1710400"]
[EventDate "2016.12.17"]

1. Nf3 d5 2. d4 Nf6 3. c4 e6 4. Nc3 c6 5. Bg5 dxc4 6. a4 Bb4 7. e4 c5 8. Bxc4
cxd4 9. Nxd4 Qa5 10. Bd2 O-O 11. O-O Qc5 12. Ncb5 a6 13. Nb3 Qxc4 14. Rc1 Qxe4
15. f3 Bxd2 16. fxe4 Be3+ 17. Kh1 axb5 18. Rc3 Ba7 19. axb5 Nbd7 20. Qe2 Ne5 21.
Nc5 Bb6 22. Nd3 Bd4 23. Ra3 Rxa3 24. bxa3 Bd7 25. a4 Rc8 26. Nxe5 Bxe5 27. Rd1
h5 28. Qd2 Rc4 29. Qa2 Rxe4 30. h3 Nd5 31. Rc1 Nc3 32. Qb3 Nxa4 33. Qd3 Rd4 34.
Qe2 f6 35. Rd1 Nc3 36. Rxd4 Nxe2 37. Rxd7 Ng3+ 38. Kg1 b6 39. Rb7 Ne4 40. Kf1
Bd4 41. Ke2 Bc5 42. Kd3 Nd6 43. Ra7 Nxb5 44. Ra8+ Kf7 45. Rb8 Nd6 0-1

[Event "European Blitz 2016"]
[Site "Tallinn EST"]
[Date "2016.12.17"]
[Round "6.26"]
[White "Grigoriants, Sergey"]
[Black "Berzinsh, Roland"]
[Result "1-0"]
[WhiteTitle "GM"]
[BlackTitle "IM"]
[WhiteElo "2563"]
[BlackElo "2408"]
[WhiteFideId "4130804"]
[BlackFideId "11600357"]
[EventDate "2016.12.17"]

1. e4 e5 2. Nf3 Nc6 3. Bb5 Nge7 4. O-O g6 5. c3 a6 6. Ba4 Bg7 7. d4 exd4 8. cxd4
O-O 9. d5 Na5 10. Re1 b5 11. Bc2 d6 12. Nc3 Re8 13. Rb1 h6 14. h3 Bb7 15. Bf4
Nc4 16. Qc1 Kh7 17. Bd3 Nb6 18. Qd2 b4 19. Ne2 c6 20. dxc6 Nxc6 21. Ng3 Ne5 22.
Bxe5 dxe5 23. Qxb4 Qxd3 24. Qxb6 Rab8 25. Rbd1 Qc4 26. b3 Qc8 27. Rc1 Qe6 28.
Qxe6 Rxe6 29. Rc7 Kg8 30. Rec1 a5 31. R1c5 Ree8 32. Rxa5 Ra8 33. Rxa8 Bxa8 34.
Nd2 h5 35. Nc4 h4 36. Nf1 Rd8 37. Nfd2 Bh6 38. Kf1 Kg7 39. Ke2 Bg5 40. f3 Kf8
41. b4 Be7 42. b5 Bb4 43. b6 Rb8 44. Nxe5 Be7 45. Nd7+ 1-0

[Event "European Blitz 2016"]
[Site "Tallinn EST"]
[Date "2016.12.17"]
[Round "6.27"]
[White "Buchicchio, Giampaolo"]
[Black "Chigaev, Maksim"]
[Result "0-1"]
[WhiteTitle "FM"]
[BlackTitle "GM"]
[WhiteElo "2262"]
[BlackElo "2531"]
[WhiteFideId "811491"]
[BlackFideId "4108116"]
[EventDate "2016.12.17"]

1. e4 g6 2. d4 Bg7 3. Nc3 a6 4. f4 d6 5. Nf3 b5 6. Bd3 Nd7 7. Qe2 c5 8. e5 cxd4
9. e6 fxe6 10. Ne4 Nc5 11. O-O Nf6 12. Neg5 O-O 13. b4 Nxd3 14. cxd3 Qd7 15.
Nxd4 Qa7 16. Nxe6 Nd5 17. Bb2 Nxf4 18. Rxf4 Rxf4 0-1

[Event "European Blitz 2016"]
[Site "Tallinn EST"]
[Date "2016.12.17"]
[Round "6.28"]
[White "Jovanovic, Zoran"]
[Black "Hartikainen, Markku"]
[Result "1-0"]
[WhiteTitle "GM"]
[BlackTitle "FM"]
[WhiteElo "2534"]
[BlackElo "2300"]
[WhiteFideId "14505320"]
[BlackFideId "501417"]
[EventDate "2016.12.17"]

1. e4 c5 2. Nc3 Nc6 3. Bb5 Nd4 4. Nf3 Nxb5 5. Nxb5 d6 6. d4 a6 7. Nc3 cxd4 8.
Qxd4 e6 9. Bg5 Qc7 10. O-O-O Bd7 11. Rhe1 h6 12. Bf4 e5 13. Nd5 Qb8 14. Nxe5 Be6
15. Nc4 b5 16. Nxd6+ Bxd6 17. Bxd6 1-0

[Event "European Blitz 2016"]
[Site "Tallinn EST"]
[Date "2016.12.17"]
[Round "6.29"]
[White "Radkov, Bazhen D."]
[Black "Kulaots, Kaido"]
[Result "0-1"]
[BlackTitle "GM"]
[WhiteElo "2233"]
[BlackElo "2556"]
[WhiteFideId "24170593"]
[BlackFideId "4500261"]
[EventDate "2016.12.17"]

1. d4 g6 2. c4 Bg7 3. Nc3 d6 4. Nf3 e5 5. e3 Nd7 6. Be2 Ngf6 7. O-O O-O 8. Re1
Re8 9. Bf1 c6 10. a3 e4 11. Nd2 Nf8 12. d5 c5 13. Rb1 h5 14. Qc2 Bf5 15. b4 b6
16. bxc5 bxc5 17. Bb2 N8h7 18. a4 h4 19. h3 Ng5 20. Ba3 Nd7 21. Rb7 Ne5 22.
Ncxe4 Bxe4 23. Nxe4 Nef3+ 24. gxf3 Nxf3+ 25. Kh1 Nxe1 26. Qb1 Nf3 27. Bg2 Ne5
28. Qb3 f5 29. Nd2 Rb8 30. Nf1 Rxb7 31. Qxb7 Nxc4 32. Bc1 Qe7 33. Qb5 Ne5 34.
Nd2 Qd7 35. Qb3 Qc7 36. Ba3 Rb8 37. Qc2 Qa5 38. f4 Nf7 39. Nc4 Qa6 40. Kh2 Qb7
41. e4 Qb3 42. Qe2 Qxa4 43. e5 dxe5 44. fxe5 Nxe5 45. Nxe5 Qxa3 46. Nc6 Rb2 47.
Qe6+ Kh7 48. Ne7 Qg3+ 0-1

[Event "European Blitz 2016"]
[Site "Tallinn EST"]
[Date "2016.12.17"]
[Round "6.30"]
[White "Ruck, Robert"]
[Black "Shishkov, Andrei"]
[Result "1-0"]
[WhiteTitle "GM"]
[BlackTitle "FM"]
[WhiteElo "2561"]
[BlackElo "2385"]
[WhiteFideId "705713"]
[BlackFideId "4500563"]
[EventDate "2016.12.17"]

1. Nf3 Nf6 2. c4 e6 3. Nc3 Bb4 4. Qc2 c5 5. a3 Ba5 6. g3 Nc6 7. Bg2 O-O 8. O-O
d6 9. d3 h6 10. e3 a6 11. b3 Bd7 12. Bb2 Qe7 13. d4 cxd4 14. exd4 d5 15. b4 Bc7
16. c5 b6 17. Rfe1 Rfc8 18. Rad1 Qd8 19. Qe2 Na7 20. Ne5 Be8 21. Bc1 Nb5 22. Bb2
Nxc3 23. Bxc3 Bb5 24. Qb2 Rcb8 25. Qc2 Nd7 26. Nd3 a5 27. cxb6 Bxb6 28. Nc5 axb4
29. axb4 Bxc5 30. dxc5 Ba4 31. Qd2 Bxd1 32. Rxd1 Nf6 33. f3 Ra3 34. Bf1 Nd7 35.
c6 Nb6 36. b5 Rba8 37. Qd4 f6 38. Qd2 Qc7 39. Bd4 Ra2 40. Qe3 Nc4 41. Qxe6+ Kh8
42. Qxd5 Nd2 43. b6 Qe7 44. b7 Rd8 45. Qc5 Qf7 46. Rxd2 Rxd2 47. c7 R2xd4 48.
c8=Q Rd1 49. Qc2 Qd5 50. b8=R Rxf1+ 51. Kxf1 1-0

[Event "European Blitz 2016"]
[Site "Tallinn EST"]
[Date "2016.12.17"]
[Round "6.31"]
[White "Ristoja, Jan"]
[Black "Bartel, Mateusz"]
[Result "1/2-1/2"]
[WhiteTitle "FM"]
[BlackTitle "GM"]
[WhiteElo "2278"]
[BlackElo "2641"]
[WhiteFideId "503673"]
[BlackFideId "1112635"]
[EventDate "2016.12.17"]

1. c4 e5 2. g3 c6 3. Bg2 d5 4. cxd5 cxd5 5. d4 e4 6. Nc3 h6 7. f3 f5 8. fxe4
fxe4 9. Nh3 Bxh3 10. Bxh3 Nf6 11. Qb3 Nc6 12. Be3 Bb4 13. O-O Bxc3 14. bxc3 O-O
15. Qxb7 Na5 16. Qa6 Nc4 17. Bf4 Qb6 18. Qxb6 axb6 19. Rfb1 g5 20. Be6+ Kg7 21.
Be5 Rad8 22. Rb5 Rde8 23. Bxf6+ Rxf6 24. Bxd5 Ne3 25. h3 h5 26. c4 Nf5 27. Rf1
h4 28. g4 Nxd4 29. Rxf6 Kxf6 30. Rxb6+ Ke5 31. e3 Ne2+ 32. Kf2 Nc3 33. Ke1 Nxd5
34. Rb5 Ra8 35. Rxd5+ Kf6 36. Rd2 Ra3 37. Ke2 Rc3 38. a4 Ra3 39. Rc2 Ke6 40. c5
Kd7 41. Rc4 Ra2+ 42. Kf1 Rh2 43. Rxe4 Rxh3 44. Re5 Rf3+ 45. Ke2 Rg3 46. Rxg5 h3
47. Rh5 Rxg4 48. Rxh3 Rxa4 49. Rh5 Kc6 50. Kd3 Ra3+ 51. Ke4 Ra4+ 52. Kf3 Ra3 53.
Kf4 Ra1 54. Re5 Rf1+ 55. Ke4 Rh1 56. Rf5 Rh4+ 57. Ke5 Kxc5 58. e4 Kc6 59. Rf6+
Kd7 60. Rf7+ Ke8 61. Rf5 Ke7 1/2-1/2

[Event "European Blitz 2016"]
[Site "Tallinn EST"]
[Date "2016.12.17"]
[Round "6.32"]
[White "Huzman, Alexander"]
[Black "Jezov, Roman"]
[Result "1-0"]
[WhiteTitle "GM"]
[BlackTitle "FM"]
[WhiteElo "2557"]
[BlackElo "2298"]
[WhiteFideId "2803828"]
[BlackFideId "4502078"]
[EventDate "2016.12.17"]

1. Nf3 c5 2. c4 Nc6 3. d4 cxd4 4. Nxd4 g6 5. e4 Bg7 6. Nc2 d6 7. Be2 Nh6 8. O-O
O-O 9. Nc3 f5 10. exf5 Nxf5 11. Bd2 Nfd4 12. Nxd4 Nxd4 13. Be3 e5 14. Qd2 Be6
15. Rac1 Rc8 16. b3 a6 17. Bd3 Kh8 18. Be4 b5 19. cxb5 Rxc3 20. Rxc3 d5 21. Bb1
Nxb5 22. Rc6 Qd7 23. Rxa6 d4 24. Bh6 Bd5 25. Bxg7+ Kxg7 26. f3 Nc3 27. Re1 Rxf3
28. gxf3 Bxf3 29. Qg5 Kf7 30. Rxe5 Nxb1 31. Qf6+ Kg8 32. Rae6 1-0

[Event "European Blitz 2016"]
[Site "Tallinn EST"]
[Date "2016.12.17"]
[Round "7.1"]
[White "Grandelius, Nils"]
[Black "Mamedov, Rauf"]
[Result "0-1"]
[WhiteTitle "GM"]
[BlackTitle "GM"]
[WhiteElo "2643"]
[BlackElo "2688"]
[WhiteFideId "1710400"]
[BlackFideId "13401653"]
[EventDate "2016.12.17"]

1. d4 g6 2. e4 Bg7 3. Nf3 d6 4. Bc4 Nf6 5. Qe2 O-O 6. O-O Nc6 7. Nbd2 e5 8. dxe5
dxe5 9. c3 Nh5 10. Nb3 Nf4 11. Bxf4 exf4 12. Rad1 Qe7 13. Nbd4 Na5 14. Rfe1 Bg4
15. h3 Bh5 16. b4 Bxd4 17. cxd4 Qxb4 18. Bd3 Nc6 19. Rb1 Qe7 20. Qb2 Bxf3 21.
gxf3 Rad8 22. d5 Ne5 23. Be2 b6 24. Rbc1 Rd6 25. Qa3 Qg5+ 26. Kh2 Qh5 27. Kg2 g5
28. Rxc7 Rh6 29. Rh1 Ng6 30. d6 g4 31. d7 gxh3+ 32. Kf1 Qg5 33. Qxf8+ Kxf8 34.
Rc8+ Kg7 35. d8=Q Qg2+ 36. Ke1 Qxh1+ 37. Kd2 Rh5 38. Rc7 Qa1 39. Bc4 Ne5 40. Qe7
Nxc4+ 41. Rxc4 Qxa2+ 42. Kd3 Qb3+ 43. Rc3 Qd1+ 44. Kc4 Rc5+ 0-1

[Event "European Blitz 2016"]
[Site "Tallinn EST"]
[Date "2016.12.17"]
[Round "7.2"]
[White "Bortnyk, Olexandr"]
[Black "Grigoriants, Sergey"]
[Result "1-0"]
[WhiteTitle "GM"]
[BlackTitle "GM"]
[WhiteElo "2581"]
[BlackElo "2563"]
[WhiteFideId "14120828"]
[BlackFideId "4130804"]
[EventDate "2016.12.17"]

1. e4 c6 2. c4 d5 3. cxd5 cxd5 4. exd5 Nf6 5. Qa4+ Nbd7 6. Nc3 g6 7. Bc4 Bg7 8.
d3 O-O 9. Nf3 a6 10. Qa3 b6 11. O-O Bb7 12. Re1 b5 13. Bb3 Re8 14. Be3 Nb6 15.
Bxb6 Qxb6 16. Qb4 Qd6 17. Qxd6 exd6 18. a3 Nd7 19. d4 Nb6 20. Kf1 Kf8 21. Rxe8+
Rxe8 22. Re1 Rc8 23. Ke2 h6 24. Kd3 Rc7 25. h3 Re7 26. Rxe7 Kxe7 27. Ne1 a5 28.
Nxb5 a4 29. Bc4 Nxd5 30. Bxd5 Bxd5 31. Nc3 Bc6 32. f3 Kd7 33. Kc4 Kc7 34. Nc2
Bf6 35. Nb4 1-0

[Event "European Blitz 2016"]
[Site "Tallinn EST"]
[Date "2016.12.17"]
[Round "7.3"]
[White "Chigaev, Maksim"]
[Black "Onischuk, Vladimir"]
[Result "1-0"]
[WhiteTitle "GM"]
[BlackTitle "GM"]
[WhiteElo "2531"]
[BlackElo "2601"]
[WhiteFideId "4108116"]
[BlackFideId "14114038"]
[EventDate "2016.12.17"]

1. Nf3 g6 2. g3 Bg7 3. d4 Nf6 4. Bg2 O-O 5. O-O d6 6. b3 e5 7. dxe5 Nfd7 8. Bg5
Qe8 9. Nc3 dxe5 10. Nd5 Na6 11. e4 c6 12. Ne7+ Kh8 13. Nxc8 Rxc8 14. Be3 Qe7 15.
Qe2 Nac5 16. Bc1 Ne6 17. c3 Rcd8 18. a4 Ndc5 19. Ba3 Qc7 20. Ng5 Rfe8 21. Qc4
Nxg5 22. Bxc5 Ne6 23. Be3 b6 24. Rfd1 Kg8 25. h4 Bf8 26. b4 Rxd1+ 27. Rxd1 Rd8
28. Ra1 h5 29. Bh3 Rd6 30. Kg2 Qd8 31. b5 c5 32. a5 Nc7 33. axb6 axb6 34. Ra7
Be7 35. Qa2 Kg7 36. c4 Ne6 37. Bxe6 Rxe6 38. Rb7 Qd3 39. Qa7 Qxe4+ 40. Kh2 Qxc4
41. Rxe7 Rxe7 42. Qxe7 Qxb5 43. Qxe5+ Kh7 44. Qf6 Kg8 45. Bh6 1-0

[Event "European Blitz 2016"]
[Site "Tallinn EST"]
[Date "2016.12.17"]
[Round "7.4"]
[White "Jovanovic, Zoran"]
[Black "Andreikin, Dmitry"]
[Result "0-1"]
[WhiteTitle "GM"]
[BlackTitle "GM"]
[WhiteElo "2534"]
[BlackElo "2737"]
[WhiteFideId "14505320"]
[BlackFideId "4158814"]
[EventDate "2016.12.17"]

1. e4 c5 2. Nc3 a6 3. g3 b5 4. Bg2 Bb7 5. Nge2 e6 6. d4 b4 7. Na4 cxd4 8. Nxd4
Nf6 9. O-O Bxe4 10. Bxe4 Nxe4 11. Re1 d5 12. Qh5 Qf6 13. Be3 Nd7 14. f3 g6 15.
Qg4 h5 16. Qh3 Nd6 17. Rad1 Be7 18. Nxe6 Qxe6 19. Qg2 Nf5 20. Bg5 Qc6 21. Bxe7
Nxe7 22. Qe2 O-O 0-1

[Event "European Blitz 2016"]
[Site "Tallinn EST"]
[Date "2016.12.17"]
[Round "7.5"]
[White "Kulaots, Kaido"]
[Black "Kovalenko, Igor"]
[Result "0-1"]
[WhiteTitle "GM"]
[BlackTitle "GM"]
[WhiteElo "2556"]
[BlackElo "2684"]
[WhiteFideId "4500261"]
[BlackFideId "14117908"]
[EventDate "2016.12.17"]

1. e4 c6 2. d4 d5 3. Nc3 dxe4 4. Nxe4 Nf6 5. Nxf6+ gxf6 6. Nf3 Bg4 7. Be2 Nd7 8.
h3 Bh5 9. O-O Qc7 10. a4 Bg7 11. a5 O-O 12. Nh4 Bg6 13. Re1 Rad8 14. c3 e6 15.
Bf3 Rfe8 16. Be3 f5 17. Nxg6 hxg6 18. a6 b6 19. Qa4 b5 20. Qa5 Nb6 21. Rad1 Bf6
22. g3 Kg7 23. h4 Rh8 24. Kg2 Qc8 25. b3 Nd5 26. Bd2 Nb6 27. Be3 Rd7 28. Re2 Nd5
29. Bd2 Nb6 30. Be3 Nd5 31. Bd2 Bd8 32. Qa1 Nf6 33. c4 bxc4 34. bxc4 Nh7 35. Bc3
Bf6 36. Qa4 c5 37. Bb7 Rxb7 38. axb7 Qxb7+ 39. Kg1 g5 40. Qa1 gxh4 41. dxc5 hxg3
42. fxg3 Qf3 43. Bxf6+ Nxf6 44. Rg2 Qe3+ 45. Rf2 Kg6 46. Qc1 Rh1+ 47. Kxh1 Qxf2
48. Qf4 Qxc5 49. Rd2 Ng4 50. Rd8 Qc6+ 51. Kg1 Qb6+ 52. Qd4 Qb1+ 53. Kg2 Qc2+ 54.
Kg1 Qh2+ 55. Kf1 Qh1+ 56. Ke2 Qg2+ 57. Kd1 e5 58. Qd6+ Kh7 59. Qd7 Qf3+ 60. Kc1
Qc3+ 61. Kb1 Qb3+ 62. Kc1 Qxc4+ 63. Kb1 Qb4+ 64. Ka2 Qa5+ 65. Kb2 Qb6+ 66. Ka2
Qf6 67. Qe8 Qe6+ 68. Qxe6 fxe6 69. Re8 Kg6 70. Rxe6+ Kg5 71. Kb3 e4 72. Kc3 Ne3
73. Re8 Kg4 74. Rg8+ Kf3 75. Kd4 a5 76. Ra8 Nf1 77. Rxa5 Nxg3 78. Ra3+ Kf4 79.
Rb3 Ne2+ 80. Kd5 e3 81. Ke6 Nd4+ 0-1

[Event "European Blitz 2016"]
[Site "Tallinn EST"]
[Date "2016.12.17"]
[Round "7.6"]
[White "Ruck, Robert"]
[Black "Saric, Ivan"]
[Result "0-1"]
[WhiteTitle "GM"]
[BlackTitle "GM"]
[WhiteElo "2561"]
[BlackElo "2652"]
[WhiteFideId "705713"]
[BlackFideId "14508150"]
[EventDate "2016.12.17"]

1. Nf3 c5 2. c4 Nc6 3. Nc3 Nf6 4. g3 e5 5. Bg2 d6 6. O-O Be7 7. e3 O-O 8. d4
cxd4 9. exd4 Bg4 10. Ne2 e4 11. Nd2 Nxd4 12. f3 exf3 13. Nxf3 Nxf3+ 14. Bxf3
Bxf3 15. Rxf3 Rc8 16. b3 d5 17. cxd5 Qxd5 18. Rd3 Bc5+ 19. Be3 Qe5 20. Bxc5
Qxc5+ 21. Kg2 Ng4 22. Nd4 Ne5 23. Rd2 Rfd8 24. h4 g6 25. Kh3 h5 26. a4 Ng4 27.
Raa2 Ne3 28. Qa1 Rd5 29. Rd3 Re8 30. Re2 Qc8+ 31. Kh2 Ng4+ 32. Kg1 Rxe2 33. Nxe2
Rxd3 0-1

[Event "European Blitz 2016"]
[Site "Tallinn EST"]
[Date "2016.12.17"]
[Round "7.7"]
[White "Ponkratov, Pavel"]
[Black "Huzman, Alexander"]
[Result "0-1"]
[WhiteTitle "GM"]
[BlackTitle "GM"]
[WhiteElo "2607"]
[BlackElo "2557"]
[WhiteFideId "4157800"]
[BlackFideId "2803828"]
[EventDate "2016.12.17"]

1. Nc3 d5 2. e3 Nf6 3. Nf3 g6 4. d4 Bg7 5. Bd3 O-O 6. O-O c5 7. dxc5 Nbd7 8. Na4
Qa5 9. c4 dxc4 10. Bd2 Qa6 11. Be2 b5 12. Nc3 Nxc5 13. a4 bxa4 14. Nxa4 Nd3 15.
b3 Ne4 16. Nc3 Qb7 17. Qc2 Nxd2 18. Nxd2 Nb4 19. Qc1 cxb3 20. Bf3 Qc7 21. Bxa8
Qxc3 22. Nxb3 Qxb3 23. Rb1 Qc3 24. Be4 Na2 25. Qd1 Qe5 26. Qc2 Nc3 27. Rb4 a5
28. Rd4 Qc5 29. Rd5 Qc4 30. Rd3 Qxe4 31. Rxc3 Qxc2 32. Rxc2 Be6 33. Rfc1 a4 34.
Rc6 a3 35. Ra6 a2 36. h3 h5 37. Rc7 Bf6 38. g3 Rb8 39. Kh2 Rb2 0-1

[Event "European Blitz 2016"]
[Site "Tallinn EST"]
[Date "2016.12.17"]
[Round "7.8"]
[White "Sychev, Klementy"]
[Black "Munoz, Miguel"]
[Result "0-1"]
[WhiteTitle "IM"]
[BlackTitle "GM"]
[WhiteElo "2453"]
[BlackElo "2473"]
[WhiteFideId "4114060"]
[BlackFideId "3800229"]
[EventDate "2016.12.17"]

1. e4 d5 2. exd5 Qxd5 3. Nc3 Qa5 4. d4 Nf6 5. Nf3 Nc6 6. Bb5 Bd7 7. a4 a6 8. Be2
O-O-O 9. O-O Bg4 10. Be3 e5 11. Ng5 Be6 12. Nxe6 fxe6 13. Nb5 Nxd4 14. Nxd4 exd4
15. Bd2 Bb4 16. Bf4 e5 17. Bg3 h5 18. Bh4 e4 19. Qc1 Bd2 20. Qb1 g5 21. b4 Qd5
22. Rd1 e3 23. Bf3 Qf5 24. Bg3 h4 25. Bxc7 Kxc7 26. b5 a5 27. b6+ Kb8 28. Qb3 g4
29. Bxb7 Kxb7 30. fxe3 dxe3 31. Rf1 Qe5 32. Qc4 e2 33. Rxf6 Qxa1+ 0-1

[Event "European Blitz 2016"]
[Site "Tallinn EST"]
[Date "2016.12.17"]
[Round "7.9"]
[White "Kozul, Zdenko"]
[Black "Rakhmanov, Aleksandr"]
[Result "1/2-1/2"]
[WhiteTitle "GM"]
[BlackTitle "GM"]
[WhiteElo "2613"]
[BlackElo "2667"]
[WhiteFideId "14502879"]
[BlackFideId "4173708"]
[EventDate "2016.12.17"]

1. Nf3 Nf6 2. g3 g6 3. Bg2 Bg7 4. O-O O-O 5. d4 d6 6. c3 c6 7. Bf4 Bf5 8. Qc1
Bxb1 9. Rxb1 Nbd7 10. Rd1 d5 11. c4 e6 12. b4 b5 13. cxb5 cxb5 14. Bd6 Re8 15.
e3 Nb6 16. Bc7 Qe7 17. Bxb6 axb6 18. Ne5 Rec8 19. Qb2 Nd7 20. Nxd7 Qxd7 21. Rdc1
Qa7 22. Rxc8+ Rxc8 23. Bf1 Qa4 24. Qb3 Bf8 25. Qxa4 bxa4 26. a3 Rc3 27. Ra1 Bg7
28. Bb5 e5 29. dxe5 Bxe5 30. Rd1 Rxa3 31. Rxd5 Bf6 32. Rd7 Ra1+ 33. Kg2 a3 34.
Ra7 Bc3 35. Bc4 Bxb4 36. Rxf7 Kh8 37. Ra7 Rc1 38. Bd5 Bc5 39. h4 Rd1 40. Be6 Rd6
41. Bc4 Rd8 42. Bb5 Rd2 43. Kf3 Rb2 44. Bd3 b5 45. Ra5 a2 46. g4 b4 47. Bc4 b3
48. g5 h6 49. h5 hxg5 50. hxg6 Kg7 51. Ra6 Rb1 52. Ke4 a1=Q 53. Rxa1 Rxa1 1/2-1/2

[Event "European Blitz 2016"]
[Site "Tallinn EST"]
[Date "2016.12.17"]
[Round "7.10"]
[White "Meskovs, Nikita"]
[Black "Vallejo Pons, Francisco"]
[Result "0-1"]
[WhiteTitle "IM"]
[BlackTitle "GM"]
[WhiteElo "2489"]
[BlackElo "2711"]
[WhiteFideId "11602740"]
[BlackFideId "2205530"]
[EventDate "2016.12.17"]

1. c4 e5 2. Nc3 Nc6 3. g3 Bc5 4. Bg2 d6 5. e3 a6 6. Nge2 Ba7 7. Nd5 Nf6 8. b4
Nxd5 9. cxd5 Ne7 10. Bb2 c6 11. dxc6 Nxc6 12. d4 O-O 13. a3 Bg4 14. dxe5 dxe5
15. Qxd8 Rfxd8 16. Nc3 Rd7 17. Ne4 Rad8 18. O-O f5 19. h3 Be2 20. Rfe1 Bd3 21.
Ng5 e4 22. Rac1 Re7 23. h4 Bb8 24. Rc5 Be5 25. Bxe5 Rxe5 26. Rxe5 Nxe5 27. Ne6
Rc8 28. Nd4 g6 29. Rd1 Kf7 30. f3 Rc3 31. fxe4 fxe4 32. Bh3 Rxa3 33. Rc1 Nf3+
34. Nxf3 exf3 35. Rd1 Be4 36. Rd2 Ra1+ 37. Kf2 Rh1 38. Bf1 Rh2+ 39. Ke1 Rxd2 40.
Kxd2 Ke6 41. Kc3 Ke5 42. Kd2 h6 43. Bh3 g5 44. hxg5 hxg5 45. Bc8 Bc6 46. Bg4 b6
47. Bh5 a5 48. bxa5 bxa5 49. Bg6 a4 50. Bc2 a3 51. Kc3 f2 52. Bd3 Bg2 53. Kb3
f1=Q 54. Bxf1 Bxf1 55. Kxa3 Ke4 0-1

[Event "European Blitz 2016"]
[Site "Tallinn EST"]
[Date "2016.12.17"]
[Round "7.11"]
[White "Castellanos Rodriguez, Renier"]
[Black "Jankovic, Alojzije"]
[Result "1-0"]
[WhiteTitle "IM"]
[BlackTitle "GM"]
[WhiteElo "2491"]
[BlackElo "2591"]
[WhiteFideId "3404650"]
[BlackFideId "14505959"]
[EventDate "2016.12.17"]

1. Nf3 d6 2. d4 Nf6 3. c4 g6 4. g3 c6 5. Bg2 Qa5+ 6. Nc3 Ne4 7. Qb3 Bg7 8. O-O
Nxc3 9. bxc3 O-O 10. Re1 Nd7 11. e4 Nb6 12. a4 Be6 13. Bf1 c5 14. Bd2 Bd7 15. d5
Rab8 16. h3 Nxa4 17. e5 a6 18. exd6 exd6 19. Re7 Qb6 20. Qa3 Qd8 21. Rxd7 Qxd7
22. Qxa4 Qf5 23. Kg2 h6 24. Re1 Rfd8 25. Qa5 Qd7 26. Qb6 Re8 27. Rxe8+ Rxe8 28.
Bf4 Bf8 29. h4 Rb8 30. Bd3 Qd8 31. Qb1 Bg7 32. Bd2 Qa5 33. h5 g5 34. Bh7+ Kh8
35. Bd3 Bxc3 36. Be3 Bf6 37. Nh2 Bg7 38. Ng4 Qd8 39. Qd1 b5 40. Qf3 Qe7 41. Qf5
Kg8 42. Qh7+ Kf8 43. Nxh6 Qf6 44. Qg8+ Ke7 45. Qxb8 Bxh6 46. cxb5 g4 47. Qc7+
Ke8 48. Bxh6 Qf3+ 49. Kg1 Qd1+ 50. Bf1 1-0